000
00240nam a2200097Ia 4500
008
190216s9999||||xx |||||||||||||| ||und||
100
_a
Khene
245
0
_a
Hindi-Chayavadh Ke Sohrare Chinth
260
_b
Mac Millian And Com. Ltd
942
_c
BK
999
_c
17265
_d
17265